Plagued by quilt : a haunted yarn shop mystery / (Record no. 412385)
[ view plain ]
| 000 -LEADER | |
|---|---|
| fixed length control field | 01382nam a2200361 i 4500 |
| 001 - CONTROL NUMBER | |
| control field | sky264105865 |
| 003 - CONTROL NUMBER IDENTIFIER | |
| control field | SKY |
| 005 - DATE AND TIME OF LATEST TRANSACTION | |
| control field | 20251008114935.0 |
| 008 - FIXED-LENGTH DATA ELEMENTS--GENERAL INFORMATION | |
| fixed length control field | 140924s2014 nyu e 000 1 eng d |
| 010 ## - LIBRARY OF CONGRESS CONTROL NUMBER | |
| LC control number | bl2014047063 |
| 020 ## - INTERNATIONAL STANDARD BOOK NUMBER | |
| International Standard Book Number | 9780451471307 |
| 020 ## - INTERNATIONAL STANDARD BOOK NUMBER | |
| International Standard Book Number | 045147130X |
| 040 ## - CATALOGING SOURCE | |
| Language of cataloging | eng |
| Description conventions | rda |
| Modifying agency | SKYRV |
| 043 ## - GEOGRAPHIC AREA CODE | |
| Geographic area code | n-us-tn |
| 050 ## - LIBRARY OF CONGRESS CALL NUMBER | |
| Classification number | PS |
| 082 04 - DEWEY DECIMAL CLASSIFICATION NUMBER | |
| Classification number | 813 |
| 092 ## - LOCALLY ASSIGNED DEWEY CALL NUMBER (OCLC) | |
| Classification number | adult fiction |
| Item number | MacRae |
| 100 1# - MAIN ENTRY--PERSONAL NAME | |
| Personal name | MacRae, Molly, |
| Relator term | author. |
| 9 (RLIN) | 5807562 |
| 245 10 - TITLE STATEMENT | |
| Title | Plagued by quilt : a haunted yarn shop mystery / |
| Statement of responsibility, etc | Molly MacRae. |
| 264 #1 - Production, Publication, Distribution, Manufacture, and Copyright Notice. | |
| Place of production, publication, distribution, manufacture | New York, NY: |
| Name of producer, publisher, distributor, manufacturer | Penguin Group, |
| Date of production, publication, distribution, manufacture, or copyr | [2014] |
| 264 #4 - Production, Publication, Distribution, Manufacture, and Copyright Notice. | |
| Date of production, publication, distribution, manufacture, or copyr | 2014 |
| Place of production, publication, distribution, manufacture | New York, NY: |
| Name of producer, publisher, distributor, manufacturer | Penguin Group, |
| 300 ## - PHYSICAL DESCRIPTION | |
| Extent | 342 pages ; |
| Dimensions | 18 cm. |
| 336 ## - Content Type | |
| Content type term | text |
| 337 ## - Media type | |
| Media type term | unmediated |
| 338 ## - Carrier type | |
| Carrier type term | volume |
| 490 ## - SERIES STATEMENT | |
| Series statement | A haunted yarn shop mystery : |
| Volume number/sequential designation | 4 |
| 520 ## - SUMMARY, ETC. | |
| Summary, etc | "Yarn shop owner Kath Rutledge is at a historic farm in Blue Plum, Tennessee, volunteering for the high school program Hands on History. But when a long-buried murder is uncovered on the property, Kath needs help from Geneva the ghost to solve a crime that time forgot..."--P. [4] of cover. |
| 650 #0 - SUBJECT ADDED ENTRY--TOPICAL TERM | |
| Topical term or geographic name as entry element | Farms |
| Geographic subdivision | Tennessee |
| Form subdivision | Fiction. |
| 9 (RLIN) | 6553390 |
| 650 #0 - SUBJECT ADDED ENTRY--TOPICAL TERM | |
| Topical term or geographic name as entry element | Murder |
| General subdivision | Investigation |
| Form subdivision | Fiction. |
| 9 (RLIN) | 5673630 |
| 655 #7 - INDEX TERM--GENRE/FORM | |
| Genre/form data or focus term | Detective and mystery fiction. |
| Source of term | lcgft |
| 9 (RLIN) | 5683641 |
| 655 #7 - INDEX TERM--GENRE/FORM | |
| Genre/form data or focus term | Ghost stories. |
| Source of term | lcgft |
| 942 ## - ADDED ENTRY ELEMENTS (KOHA) | |
| Source of classification or shelving scheme | Dewey Decimal Classification |
| Koha item type | BOOK |
| Withdrawn status | Lost status | Source of classification or shelving scheme | Damaged status | Not for loan | Collection code | Home library | Current library | Shelving location | Date acquired | Source of acquisition | Serial Enumeration / chronology | Total Checkouts | Total Renewals | Full call number | Barcode | Date last seen | Date checked out | Cost, replacement price | Price effective from | Koha item type |
|---|---|---|---|---|---|---|---|---|---|---|---|---|---|---|---|---|---|---|---|---|
| Dewey Decimal Classification | Fiction | Wasatch County Library | Wasatch County Library | First Floor | 10/08/2025 | Amazon | #4 A haunted yarn shop mystery | 1 | 2 | F MacRae | 34301002169334 | 12/09/2025 | 10/08/2025 | 7.99 | 10/08/2025 | BOOK |
